| 000 | 00698nam a2200229Ia 4500 | ||
|---|---|---|---|
| 001 | 9950 | ||
| 003 | GE_BSU | ||
| 008 | 181216s||||||||xx |||||||||||||| ||und|| | ||
| 040 | _cGE_BSU | ||
| 080 | _a821.353.1-32 | ||
| 100 | _aნახუცრიშვილი,გ | ||
| 245 | _aმგელკაცა | ||
| 245 | _bმოთხრობა | ||
| 245 | _cრედ:ილ.ხოშტარია;მხატვ:გ.გორდელაძე | ||
| 260 | _aთბილისი. | ||
| 260 | _bსაბჭ.საქართველო | ||
| 260 | _c1958 | ||
| 300 | _a256გვ;20სმ. | ||
| 653 | _aმგელკაცა | ||
| 653 | _aმოთხრობა | ||
| 942 | _cBK | ||
| 999 |
_c43223 _d43223 |
||